Следствие: повести и рассказы; пер. с польск.; Следствие; Мир на Земле; Ананке; Альтруизин; Собысча
| מחבר ראשי: | |
|---|---|
| מחברים אחרים: | , |
| שפה: | רוסית |
| יצא לאור: |
Ленинград, Лениздат, 1990
|
| TOC: | Следствие; Мир на Земле; Ананке; Альтруизин; Собысча; |
| נושאים: | |
| פורמט: | ספר |
| KOHA link: | https://koha.lib.tpu.ru/cgi-bin/koha/opac-detail.pl?biblionumber=120211 |
MARC
| LEADER | 00000nam0a2200000 4500 | ||
|---|---|---|---|
| 001 | 120211 | ||
| 005 | 20231101215607.0 | ||
| 010 | |a 5289006672 | ||
| 020 | |a RU |b 91-15774 | ||
| 035 | |a (RuTPU)RU\TPU\book\130158 | ||
| 090 | |a 120211 | ||
| 100 | |a 20070821d1990 m y0rusy5003 ca | ||
| 101 | 1 | |a rus |c pol | |
| 102 | |a RU | ||
| 105 | |a a z 000ay | ||
| 200 | 1 | |a Следствие |e повести и рассказы |e пер. с польск. |f С. Лем |g под ред. И. И. Слобожана; худож. Н. Н. Гульковский | |
| 210 | |a Ленинград |c Лениздат |d 1990 | ||
| 215 | |a 508 с. |c ил. | ||
| 464 | |t Следствие | ||
| 464 | |t Мир на Земле |o повести | ||
| 464 | |t Ананке | ||
| 464 | |t Альтруизин | ||
| 464 | |t Собысча |o рассказы | ||
| 606 | 1 | |a Польская литература |2 stltpush |3 (RuTPU)RU\TPU\subj\50785 |9 69434 | |
| 610 | 0 | |a повести | |
| 610 | 0 | |a рассказы | |
| 610 | 0 | |a проза | |
| 610 | 0 | |a фантастика | |
| 610 | 0 | |a художественная литература | |
| 675 | |a 884 |v 3 | ||
| 700 | 1 | |a Лем |b С. |c польский писатель |c фантаст |f 1921-2006 |g Станислав |2 stltpush |3 (RuTPU)RU\TPU\pers\37035 |9 20050 | |
| 702 | 1 | |a Слобожан |b И. И. |4 340 | |
| 702 | 1 | |a Гульковский |b Н. Н. |4 440 | |
| 801 | 0 | |a RU |b RuMRKP |c 19950417 |g psbo | |
| 801 | 1 | |a RU |b 63413507 |c 20070821 |g PSBO | |
| 801 | 2 | |a RU |b 63413507 |c 20221006 |g PSBO | |
| 942 | |c BK | ||